000 00701cam a22002293a 4500
001 2357
003 PGUSA
005 20140828083013.0
008 001001s2000||||xxu|||||s|||||000 1 eng d
040 _aPGUSA
_beng
042 _adc
050 4 _aPS
100 1 _aSmith, Jewell Ellen,
_d1915-1998
245 1 0 _aGreat Jehoshaphat and Gully Dirt!
_h[electronic resource] /
_cJewell Ellen Smith
260 _bProject Gutenberg,
_c2000
506 _aCopyrighted. Read the copyright notice inside this book for details.
516 _aElectronic text
653 _aAmerican fiction -- 20th century
830 0 _aProject Gutenberg
_v2357
856 4 0 _uhttp://www.gutenberg.org/ebooks/2357
942 _cEB
999 _c231694
_d231694